Purfleet Farms Ltd v SoS Transport, Local Government and the Regions (Record no. 71493)
[ view plain ]
| 000 -LEADER | |
|---|---|
| fixed length control field | 01651cam a2200277 4500 |
| 001 - CONTROL NUMBER | |
| control field | ABS66039 |
| 008 - FIXED-LENGTH DATA ELEMENTS--GENERAL INFORMATION | |
| fixed length control field | 021101n2002 000 0 eng u |
| 035 ## - SYSTEM CONTROL NUMBER | |
| System control number | (Sirsi) u120332 |
| 245 ## - TITLE STATEMENT | |
| Title | Purfleet Farms Ltd v SoS Transport, Local Government and the Regions |
| 260 ## - PUBLICATION, DISTRIBUTION, ETC. | |
| Date of publication, distribution, etc. | 2002 |
| 490 ## - SERIES STATEMENT | |
| Series statement | Estates Gazette |
| Volume/sequential designation | [2002] 43 EG 204 (CS) |
| 490 ## - SERIES STATEMENT | |
| Series statement | Estates Gazette |
| Volume/sequential designation | [2003] 02 EG 105-113(9) |
| 490 ## - SERIES STATEMENT | |
| Series statement | Rating and Valuation Reporter |
| Volume/sequential designation | [2002] RVR 368-376(9) |
| 490 ## - SERIES STATEMENT | |
| Series statement | Court of Appeal (Civil Division) |
| Volume/sequential designation | [2002] EWCA Civ 1430 |
| 520 ## - SUMMARY, ETC. | |
| Summary, etc. | CA, 15 October 2002. Respondent (S) compulsorily purchased land from appellant (P) to construct the Channel Tunnel Rail Link. Under the Land Compensation Act 1961 s5 the compensation award was to be the open market value of the land. The LT valued the land at £475 000 per acre. S had argued for £460 000 per acre and P for £638 015 per acre. The LT ordered S to pay three-quarters of P's costs on the grounds that it found P's suggested value to be very high. P appealed claiming this was not sufficient reason to disallow part of its costs. "Held": appeal dismissed on the grounds that P had escalated their costs by making unnecessary and unhelpful submissions. |
| 590 ## - LOCAL NOTE (RLIN) | |
| Local note | ABS |
| 650 ## - SUBJECT ADDED ENTRY--TOPICAL TERM | |
| Topical term or geographic name entry element | OPEN MARKET VALUE |
| 650 ## - SUBJECT ADDED ENTRY--TOPICAL TERM | |
| Topical term or geographic name entry element | LAND COMPENSATION ACT 1961 S5 |
| 650 ## - SUBJECT ADDED ENTRY--TOPICAL TERM | |
| Topical term or geographic name entry element | CHANNEL TUNNEL RAIL LINK |
| 650 ## - SUBJECT ADDED ENTRY--TOPICAL TERM | |
| Topical term or geographic name entry element | COMPULSORY PURCHASE ORDERS |
| 650 ## - SUBJECT ADDED ENTRY--TOPICAL TERM | |
| Topical term or geographic name entry element | COMPENSATION |
| 650 ## - SUBJECT ADDED ENTRY--TOPICAL TERM | |
| Topical term or geographic name entry element | PURFLEET FARMS LTD V SOS ENVIRONMENT |
| 650 ## - SUBJECT ADDED ENTRY--TOPICAL TERM | |
| Topical term or geographic name entry element | LANDS TRIBUNAL RULES 1996 |
| 690 ## - LOCAL SUBJECT ADDED ENTRY--TOPICAL TERM (OCLC, RLIN) | |
| Topical term or geographic name as entry element | ENVIRONMENTAL AND LAND CONSULTANCY-PLANNING AND DEVELOPMENT-COMPULSORY PURCHASE AND COMPENSATION |
| 942 ## - ADDED ENTRY ELEMENTS (KOHA) | |
| Suppress in OPAC | 0 |
| Withdrawn status | Lost status | Source of classification or shelving scheme | Damaged status | Not for loan | Home library | Current library | Shelving location | Date acquired | Total Checkouts | Full call number | Barcode | Date last seen | Copy number | Price effective from | Koha item type |
|---|---|---|---|---|---|---|---|---|---|---|---|---|---|---|---|
| Dewey Decimal Classification | London | London | Journal article | 01/11/2002 | ABS66039 | 120332-1001 | 06/08/2019 | 1 | 06/08/2019 | Law report |